| 000 | 00767nam a2200229 a 4500 | ||
|---|---|---|---|
| 005 | 20231110063545.0 | ||
| 008 | 011116s1997 mx r 000 0 spa d | ||
| 020 | _a9701801482 (CNCA) | ||
| 020 | _a8816571152 (Jaca book) | ||
| 035 | _aUPN01000113962 | ||
| 049 | _aI | ||
| 050 | 4 |
_aN7630 _bP4.88 |
|
| 100 | 1 |
_aPernoud, Régine, _d1909-1998 _929836 |
|
| 245 | 1 | 3 |
_aUn día en la vida de ... una castellana medieval / _cRégine Pernoud ; il. Giorgio Bacchin , tr. Sergio Martínez |
| 260 |
_aMéxico : _bCNCA : _bJaca book, _c1997. |
||
| 300 |
_a44 p. : _eil., col. |
||
| 650 | 0 |
_aMujeres en el arte _920148 |
|
| 650 | 2 |
_aArte medieval _92577 |
|
| 650 | 2 |
_aMujeres _xHistoria y condición de la mujer _91583 |
|
| 740 | 0 | _aUna castellana medieval | |
| 905 | _aInfantil | ||
| 999 |
_c87870 _d87870 |
||